Использование информационных технологий в бережливом производстве; Информационные технологии в науке, управлении, социальной сфере и медицине; Ч. 2
| Parent link: | Информационные технологии в науке, управлении, социальной сфере и медицине: сборник научных трудов III Международной научной конференции, 23-26 мая 2016 г., Томск.— , 2016 Ч. 2.— 2016.— [С. 61-63] |
|---|---|
| Yazar: | |
| Müşterek Yazar: | |
| Diğer Yazarlar: | |
| Özet: | Заглавие с титульного экрана This article describes the possibility of applying lean production in enterprises. Special attention is given to the software products that can be useful in the implementation of lean production. |
| Dil: | Rusça |
| Baskı/Yayın Bilgisi: |
2016
|
| Seri Bilgileri: | Информационные технологии и моделирование в управлении производственными системами и управлении персоналом |
| Konular: | |
| Online Erişim: | http://earchive.tpu.ru/handle/11683/31435 |
| Materyal Türü: | MixedMaterials Elektronik Kitap Bölümü |
| KOHA link: | https://koha.lib.tpu.ru/cgi-bin/koha/opac-detail.pl?biblionumber=619717 |
MARC
| LEADER | 00000naa2a2200000 4500 | ||
|---|---|---|---|
| 001 | 619717 | ||
| 005 | 20231101133056.0 | ||
| 035 | |a (RuTPU)RU\TPU\conf\18153 | ||
| 035 | |a RU\TPU\conf\18152 | ||
| 090 | |a 619717 | ||
| 100 | |a 20160829d2016 k y0rusy50 ca | ||
| 101 | 0 | |a rus | |
| 102 | |a RU | ||
| 105 | |a y z 101zy | ||
| 135 | |a drgn ---uucaa | ||
| 181 | 0 | |a i | |
| 182 | 0 | |a b | |
| 200 | 1 | |a Использование информационных технологий в бережливом производстве |d Using of information technologies in lean production |f В. П. Шараев, И. Г. Видяев | |
| 203 | |a Текст |c электронный | ||
| 225 | 1 | |a Информационные технологии и моделирование в управлении производственными системами и управлении персоналом | |
| 230 | |a 1 компьютерный файл (pdf; 396 Kb) | ||
| 300 | |a Заглавие с титульного экрана | ||
| 330 | |a This article describes the possibility of applying lean production in enterprises. Special attention is given to the software products that can be useful in the implementation of lean production. | ||
| 461 | 1 | |0 (RuTPU)RU\TPU\conf\17281 |t Информационные технологии в науке, управлении, социальной сфере и медицине |o сборник научных трудов III Международной научной конференции, 23-26 мая 2016 г., Томск |o в 2 ч. |d 2016 | |
| 463 | 1 | |0 (RuTPU)RU\TPU\conf\17287 |t Ч. 2 |f Национальный исследовательский Томский политехнический университет (ТПУ) ; под ред. О. Г. Берестневой [и др.] |v [С. 61-63] |d 2016 | |
| 510 | 1 | |a Using of information technologies in lean production |z eng | |
| 610 | 1 | |a труды учёных ТПУ | |
| 610 | 1 | |a электронные ресурсы | |
| 610 | 1 | |a программное обеспечение | |
| 610 | 1 | |a производственные процессы | |
| 610 | 1 | |a информационная поддержка | |
| 610 | 1 | |a Toyota | |
| 610 | 1 | |a программные продукты | |
| 700 | 1 | |a Шараев |b В. П. | |
| 701 | 1 | |a Видяев |b И. Г. |c специалист в области менеджмента |c доцент Томского политехнического университета, кандидат экономических наук |f 1981- |g Игорь Геннадьевич |2 stltpush |3 (RuTPU)RU\TPU\pers\25421 | |
| 712 | 0 | 2 | |a Национальный исследовательский Томский политехнический университет (ТПУ) |b Институт социально-гуманитарных технологий (ИСГТ) |b Кафедра менеджмента (МЕН) |h 150 |2 stltpush |3 (RuTPU)RU\TPU\col\18855 |
| 801 | 2 | |a RU |b 63413507 |c 20160912 |g RCR | |
| 856 | 4 | |u http://earchive.tpu.ru/handle/11683/31435 | |
| 942 | |c BK | ||